Об отпуске дополнительных средств на выдачу пенсий потерпевшим от несчастных случаев и потерявшим трудоспособность вольнонаемным...

RUSMARC
00005707cbm2a2200000#x 450
001ddcf3596a4bd46399a748353598ac7af
00520230331142115.0
100##$a20130919l19081908k y0rusy0189 ca
1010#$arus
102##$aRU
251##$cДело
2250#$aФонд Совет министров (1905-1917)
$hОпись № 4
$i1908 г.
300##$aМашинописный текст, с рукописными пометами
300##$aОригинальный заголовок дела: Об ассигновании дополнительного кредита по § 28 ст. 3 А сметы Морского министерства на 1908 г. на выдачу пенсий потерпевшим от несчастных случаев и от повреждений в здоровье вольнонаемным служащим, мастеровым, рабочим и членам их семейств : начато 18 октября 1908 года
324##$aПленка
801#0$aRU
$bРГИА
$c20130919
801#1$aRU
$bГлавНИВЦ
$c20130919
$2rusmarc
801#2$aRU
$bПБ им. Б.Н. Ельцина
$c20130920
$gRCR
$2rusmarc
850##$aФедеральное казенное учреждение "Российский государственный исторический архив"
852##$aРГИА
$j129
937##$aASBIBLIO_SCAN
$bРГИА_1276:_4:_129:
$d1389800
$hРГИА
2001#$aОб отпуске дополнительных средств на выдачу пенсий потерпевшим от несчастных случаев и потерявшим трудоспособность вольнонаемным служащим, мастеровым, рабочим Морского ведомства и членам их семей
$j18 октября 1908 года
215##$a3 листа
035##$addcf3596a4bd46399a748353598ac7af
5171#$aОб ассигновании дополнительного кредита по § 28 ст. 3 А сметы Морского министерства на 1908 г. на выдачу пенсий потерпевшим от несчастных случаев и от повреждений в здоровье вольнонаемным служащим, мастеровым, рабочим и членам их семейств
$eначато 18 октября 1908 года
461#0$1001c7912e80-a322-4844-9992-beca65726c82
$12001
$aСовет министров (1905-1917)
$1251
$cФонд
$1852
$j1276
462#0$100128effbc8-45a8-4844-a30d-fda4587ad6d6
$12001
$a1908 г.
$vД. 129
$1251
$cОпись
$1852
$j4
60101$2nlr_sh
$3RU\NLR\AUTH\661473635
$aРоссия
$bМорское министерство
$jАрхивные дела
$xИстория
$z1905 - 1914
605##$2acquisition_Prlib
$3LIBNET\UAF\0000106762
$aСемья и традиционные семейные ценности в России как основа российской государственности
$lколлекция
605##$2acquisition_Prlib
$3DITM\AF\0000003834
$aНарод
$lколлекция
6061#$2prlib_sh
$3LIBNET\UAF\0000106795
$aРабочие
$jАрхивные дела
$xСоциальная помощь
$yРоссия
$z19 - нач. 20 вв.
686##$2rubbk
$a63.3(2)53-282.1ю1
$vLBC/M
Формат отображения